MDQL
is popping MORE tags! Check the
thread
!
Quizzes
Events
Quiz Creation
Community
Videos
Private Events
Remove Ads
Sign In
Join for FREE
Feedback
Dark Mode
Quiz Categories
Sports
Geography
Music
Movies
Television
Just For Fun
Miscellaneous
History
Literature
Language
Science
Gaming
Entertainment
Religion
Holiday
For Kids
Quiz Lab
Recent
Popular Today
Quiz Kudos Today
Editor Picks
Curator Picks
Quizzes by...
Day
Popularity
Type
Ratings
Length
Year
Community
Subscriptions
Recent Discussions
Orange Saloon
Badges
Playlists
Quests
Create
Leaderboards
Showdown
Live 5
Trivia Bingo
Activity
Puzzle Library
Sporcle Events
Private Events
Virtual Trivia
Globe League
Become a Host
Pub Owners
SporcleCon
Opinionation
Our Games
Videos
Blog
Mobile Apps
Partnerships
Remove Ads and Go Orange
Feedback
History
US Presidents
World Leaders
Politics
Nation
Discovery
War
Decade
Year
Century
Biography
Art
History
US Presidents
World Leaders
Politics
Nation
Discovery
War
Decade
Year
Century
Biography
Art
Random Quiz
Search Sporcle
×
Quiz Lab
Quiz Lab
History
US Presidents
Type in answers that appear in a list
Type in answers that appear in a list
Classic
Best Score? Go Orange.
Who's in Roosevelt's Cabinet Stats
Can you name Franklin D. Roosevelt's Cabinet?
By
qballer82
7m
28 Questions
41 Plays
41 Plays
41 Plays
Comments
Comments
Give Quiz Kudos
Give Quiz Kudos
-
- Ratings
hide this ad
Replay
Link that replays current quiz
Next Quiz
Link to next quiz in quiz playlist
You Got
0%
They Got
Avg Score
52%
Avg Friend Score
Upgrade to see
Score Distribution
Jump to the score distribution portion of the page
Score
0/28
Timer
07:00
0
Plays Today
Hint
Answer
% Correct
Vice President
Harry S. Truman
92.7%
Vice President
John Nance Garner IV
87.8%
Vice President
Henry A. Wallace
85.4%
Secretary of Agriculture
Henry A. Wallace
85.4%
Secretary of Commerce
Henry A. Wallace
85.4%
Secretary of Labor
Frances C. Perkins
80.5%
Secretary of Treasury
Henry Morgenthau Jr.
73.2%
Secretary of War
Henry L. Stimson
70.7%
Secretary of State
Cordell Hull
68.3%
Secretary of the Interior
Harold L. Ickes
68.3%
Secretary of State
Edward R. Stettinius Jr.
53.7%
Attorney General
Robert H. Jackson
53.7%
Postmaster General
James A. Farley
53.7%
Secretary of the Navy
Frank Knox
53.7%
Hint
Answer
% Correct
Secretary of Commerce
Harry L. Hopkins
53.7%
Secretary of the Navy
James V. Forrestal
51.2%
Attorney General
Francis Biddle
41.5%
Secretary of Commerce
Jesse H. Jones
41.5%
Secretary of Treasury
William H. Woodin
34.1%
Attorney General
Homer S. Cummings
34.1%
Secretary of the Navy
Claude A. Swanson
34.1%
Secretary of War
George H. Dern
31.7%
Attorney General
Frank Murphy
31.7%
Secretary of War
Harry H. Woodring
29.3%
Secretary of Agriculture
Claude R. Wickard
26.8%
Secretary of the Navy
Charles Edison
24.4%
Postmaster General
Frank C. Walker
14.6%
Secretary of Commerce
Daniel C. Roper
9.8%
Quiz Playlist
Details
Report
Send in Message
Add To Playlist
Classic:
Type in answers that appear in a list
Last Updated: Feb 16, 2017
Quiz Scoreboard
CHALLENGE
Sign Up to Join the Scoreboard
Show All
Scores
Hide
Comments
May contain spoilers
Recently Published
5x2 Blitz: Bands
by SL_Kpop136
Music
30s
Colored Red Africa Blitz
by spor1
Geography
30s
Find the 'City' Movie
by crazypaving
Movies
60s
More to Explore
Quiz From the Vault
Featured Blog Post
14 Easter Pick-up Lines to Find Eggs With
hide this ad
You Might Also Like...
Tags
US Presidents Quiz
Cabinet
franklin
Franklin D. Roosevelt
Roosevelt
Vice Presidents
Today's Top Quizzes in History
Browse History
hide this ad
Today's Top Quizzes in US Presidents
Browse US Presidents
Top Contributed Quizzes in History
1
Popular People in 1991
2
US National Parks Named After People
3
Popular People in 1981
4
Popular People in 1951
5
Popular People in 1941
6
Complete a popular quote - Maya Angelou
7
Order Up: 1000 Years of World Events I
8
Popular People in 1986
9
Popular People in 1936
10
Popular People in 1926
Explore More
Trending Topics
Harry Potter
NBA
Crossword
Disney
Kpop
Marvel
Anime
NFL
Soccer
Song
Puzzle
Country
WWE
The Office
Pokémon
hide this ad
More By:
qballer82
Quiz
Plays
Rating
Category
Featured
Created
Presidential Parents
201
5.00
History
Nov 29, 2016
Members of the Beatles
99
4.00
Music
May 15, 2016
Presidents with Two Vice Presidents
89
History
Nov 6, 2016
US Number One Singles of 1967
57
4.50
Music
May 15, 2016
Who's in Roosevelt's Cabinet
41
History
Dec 13, 2016
Go to Creator's Profile
Score Distribution
Quiz Creator Spotlight
qballer82
Follow
Send a Message
Quizzes Created
-
Created Quiz Play Count
-
More By This Creator
Popular Quizzes Today
1
Find the 'City' Movie
2
5x2 Blitz: Bands
3
Colored Red Africa Blitz
4
The Countries of the World
5
Find the US States - No Outlines Minefield
6
Find the US States
7
9x9 Crossword: Cartoon Network
8
US States
More History Quizzes
Dogs and Their People in Art
Editor's Pick
Trending Quizzes
Colored Red Africa Blitz II
Colored Red Europe Blitz I
Colored Red Africa Blitz III
Colored Red Europe Blitz II
Colored Red Europe Blitz III
Recently Updated
Champions League XIs: Real Madrid
pecheneg
Largest US Cities 1790-2010
pecheneg
Rides in Walt Disney World
pecheneg
Most Oscar Losses (Acting)
pecheneg
Beyoncé Albums
pecheneg
Leaping Animals
pecheneg
Reality TV Shows (A-Z)
bhenderson79
Rickey Henderson's Hall of Fame Teammates
pecheneg
Champions League XIs: Arsenal
pecheneg
Quick Pick: Celebrities in WWE's Hall of Fame
aduchscher
Trending Topics
NBA
Crossword
Anime
Disney
Harry Potter
Kpop
Marvel
The Office
NFL
Puzzle
Soccer
Country
Pokémon
Song
WWE
Your Account Isn't Verified!
In order to create a playlist on Sporcle, you need to verify the email address you used during registration. Go to your
Sporcle Settings
to finish the process.
Report this User
Report this user for behavior that violates our
Community Guidelines
.
Details:
Send Report
Go to the Sporcle.com Mobile Site →
Comments